000 00414nam a2200145Ia 4500
008 100122s9999 xx 000 0 und d
082 _b63675
_a823
100 _aमैथिली
245 _aत्याची जादू
260 _bकोमल प्रकाशन
_c2003
300 _a215
630 _aत्याची जादू
730 _aत्याची जादू
942 _cBOOK
999 _c437597
_d437594